Responses for Show #3906 - Monday, September 3, 2001

First game of Season 18.

Contestants

[<< previous game]

Hardy Watts, an elementary school teacher from Boston, Massachusetts

Anne Reynolds, a lawyer from Toronto, Ontario

Roland Lange, a sales director from Brooklyn, New York (whose 2-day cash winnings total $22,500)

[next game >>]

Jeopardy! Round responses

TRUE STORY
(Alex: We want you to name the actor in...)
OSCAR-WINNING ROLES
THEY HAVE HOOVES
DANCES
BALLS
RHYME TIME
    $100 3
Hiroshima

Roland
    $100 1
Julie Andrews

Roland
    $100 18
the deer

Roland
    $100 5
(Anne: What are fans?)

balloons

Anne
Triple Stumper
    $100 9
Lucille Ball

Anne
    $100 11
a house mouse

Roland
    $200 4
West Point

Anne
    $200 2
John Wayne

Hardy
    $200 23
(Alex: Right, minute to go.)

the warthog

Roland
    $200 26
the limbo

Anne
    $200 10
a crystal ball

Hardy
    $200 12
sci-fi

Anne
    $300 15
(Hardy: Where is Antarctica?)
(Alex: Antarctica? Be more specific.)

the South Pole

Hardy
    $300 6
(Hardy: What is Coal Miner's Daughter?)
...
(Alex: We were going for the performer, not the title of the film.)

Sissy Spacek

RolandHardy
    $300 24
the yak

Roland
    $300 30
the samba

Triple Stumper
    $300 13
the lottery

Hardy
    $400 14
(Hardy: [No response])

a mai tai

Hardy
    $400 16
Hunter Thompson

Roland
    $400 7
Tommy Lee Jones

Roland
    $400 25
the camel

Hardy
    $400 27
fandango

Triple Stumper
    $400 19
a ball & chain

Anne
    $400 21
hanky panky

Hardy
    $500 17
Jon Krakauer

Hardy
    $500 8
Benicio Del Toro

Anne
    $500 29
a chamois

Anne
    $500 28
an allemande

Anne
    $500 20
(Hardy: What is the wonderball?)

an Earth ball

Hardy
Triple Stumper
    $500 22
willy-nilly

Anne

Scores at the first commercial break (after clue 14):

Roland Anne Hardy
$1,000 $900 $0

Scores at the end of the Jeopardy! Round:

Roland Anne Hardy
$2,000 $3,000 $1,100

Double Jeopardy! Round responses

TRU STORY
TV THEME SONGS
(Alex: We want you to name the city when we ask you...)
WHERE WERE YOU LAST NIGHT?
FLIGHT
ARCHBISHOPS OF YORK
ACCENTÉ
    $200 26
New Orleans

Triple Stumper
    $200 21
Friends

Anne
    $200 11
Paris

Hardy
    $200 1
a scarf

Hardy
    $200 16
Catholicism

Roland
    $200 6
resumé

Anne
    $400 27
In Cold Blood

Anne
    $400 22
(Alex: [Singing] "Davy, Davy"--yes.)

Davy Crockett

Roland
    $400 12
San Francisco

Roland
    $400 2
(Hardy: What is north?)
(Anne: What is up?)

east

AnneHardy
Triple Stumper
    $400 17
Bayeux

Anne
    $400 7
café

Roland
    $600 28
Breakfast at Tiffany's

Anne
    $600 23
Ally McBeal

Hardy
    $600 13
Tokyo

Anne
    $600 3
hubs

Roland
    $600 18
Ethelbert

Hardy
    $1,500 8
clichés

Roland
    $800 29
Porgy and Bess

Hardy
    $800 24
(Alex: Correct, minute to go.)

Malcolm in the Middle

Anne
    $800 14
Athens

Hardy
    $800 4
the mail

Hardy
    $800 19
Plantagenet

Anne
    $800 9
plié

Anne
    $1000 30
Robert Morse

Roland
    $1000 25
(Anne: [Raises arm] Yes! Sorry.)
[Laughter]

Secret Agent

Anne
    $1000 15
Buenos Aires

Anne
    $1000 5
the Blackbird (or the SR-71)

Hardy
    $1,500 20
(Anne: Oh... ...ew!...)
(Alex: Pick a name.)
(Anne: Who is Cranmer?)

Thomas Wolsey

Anne
    $1000 10
étouffée

Roland

Scores at the end of the Double Jeopardy! Round:

Roland Anne Hardy
$7,500 $7,900 $5,700

[wagering suggestions for these scores]

Final Jeopardy! Round responses

AUTOMOTIVE HISTORY
(Alex: Up to this point, all three of you have performed admirably, you've played well, so I cannot say "You are the weakest link!")
HardyWhat was the Phoenix Falcon
$5,600
RolandWhat is the Eagle
$7,500
AnneWhat is Pontiac
$7,500
the Thunderbird

Final scores:

Roland Anne Hardy
$0 $400 $100
3rd place: a CompUSA gift certificate New champion: $400 2nd place: a trip to the Bahamas

Game dynamics:

Coryat scores:

Roland Anne Hardy
$6,600 $9,400 $6,100
17 R
(including 1 DD),
0 W
20 R,
3 W
(including 1 DD)
15 R,
4 W
(including 1 DD)

Combined Coryat: $22,100

[game clues] [game scores] [suggest correction]

Game tape date: 2001-04-23
The J! Archive is created by fans, for fans. Scraping, republication, monetization, and malicious use prohibited; this site may use cookies and collect identifying information. See terms. The Jeopardy! game show and all elements thereof, including but not limited to copyright and trademark thereto, are the property of Jeopardy Productions, Inc. and are protected under law. This website is not affiliated with, sponsored by, or operated by Jeopardy Productions, Inc. Join the discussion at JBoard.tv.